GDPR sa týka aj CRM systémov

Nariadenie GDPR sa vzťahuje nielen na oblasť B2C, ale aj na oblasť B2B obchodov a spoluprác. Týka sa napríklad CRM systémov, kúpených databáz kontaktov a poskytovania osobných údajov tretím stranám. Európsky parlament prijal nové nariadenie ePrivacy, ktoré by malo chrániť dôvernosť elektronických ko...

ver descrição completa

Na minha lista:
Detalhes bibliográficos
Autor principal: Neckař, Petr
Formato: Capítulo de Livro
Idioma:eslovaco
Assuntos:
Tags: Adicionar Tag
Sem tags, seja o primeiro a adicionar uma tag!

MARC

LEADER 00000naa a2200000 4500
001 0248528
005 20200305092600.2
041 0 |a slo 
044 |a CZ 
245 1 0 |a GDPR sa týka aj CRM systémov  |c Petr Neckař 
520 |a Nariadenie GDPR sa vzťahuje nielen na oblasť B2C, ale aj na oblasť B2B obchodov a spoluprác. Týka sa napríklad CRM systémov, kúpených databáz kontaktov a poskytovania osobných údajov tretím stranám. Európsky parlament prijal nové nariadenie ePrivacy, ktoré by malo chrániť dôvernosť elektronických komunikácií ako fyzických tak aj právnických osôb. Nová zákonná úprava by sa mala vzťahovať na nové OTT služby ako Messenger, Skype, WhatsApp a pod. 
610 2 0 |a legislatíva 
610 2 0 |a ochrana údajov osobných 
610 2 0 |a novelizácia 
610 2 0 |a technológie informačné 
610 2 0 |a technológie komunikačné 
610 2 0 |a technológie nové 
100 1 |a Neckař, Petr